<?xml version="1.0" encoding="UTF-8"?>
<collection xmlns="http://www.loc.gov/MARC21/slim">
 <record>
  <leader>00982cam a2200205 a 4500</leader>
  <controlfield tag="001">1/42840</controlfield>
  <controlfield tag="008">120724s2008    gr o          000 0 gre  </controlfield>
  <datafield tag="020" ind1=" " ind2=" ">
   <subfield code="a">9789604553976</subfield>
  </datafield>
  <datafield tag="035" ind1=" " ind2=" ">
   <subfield code="l">45716</subfield>
  </datafield>
  <datafield tag="040" ind1=" " ind2=" ">
   <subfield code="a">TZT</subfield>
   <subfield code="c">TZT</subfield>
   <subfield code="d">GR-PeUP</subfield>
  </datafield>
  <datafield tag="082" ind1="0" ind2="0">
   <subfield code="a">940 MAR ΜΤΦ</subfield>
  </datafield>
  <datafield tag="100" ind1="1" ind2=" ">
   <subfield code="a">Marzorati, Jean-Louis.</subfield>
  </datafield>
  <datafield tag="245" ind1="1" ind2="2">
   <subfield code="a">Ο Μάης του '68 στη Γαλλία και στον κόσμο /</subfield>
   <subfield code="c">εισαγωγή Σέρζ Ζουλί ;κείμενα Ζαν - Λουί Μαρτζοράτι ;μετ. Τζένη Κωνσταντίνου.</subfield>
  </datafield>
  <datafield tag="260" ind1=" " ind2=" ">
   <subfield code="a">Αθήνα :</subfield>
   <subfield code="b">Μεταίχμιο,</subfield>
   <subfield code="c">2008.</subfield>
  </datafield>
  <datafield tag="300" ind1=" " ind2=" ">
   <subfield code="a">119 σ. :</subfield>
   <subfield code="b">ασπρ. φωτ. ;</subfield>
   <subfield code="c">24 εκ.</subfield>
  </datafield>
  <datafield tag="500" ind1=" " ind2=" ">
   <subfield code="a">Τίτλος πρωτοτύπου: La France en 1968.</subfield>
  </datafield>
  <datafield tag="650" ind1=" " ind2="4">
   <subfield code="a">Σπουδαστικά κινήματα.</subfield>
  </datafield>
  <datafield tag="651" ind1=" " ind2="4">
   <subfield code="a">Γαλλία</subfield>
   <subfield code="x">Ιστορία</subfield>
   <subfield code="x">Μάης του '68.</subfield>
  </datafield>
  <datafield tag="700" ind1="1" ind2=" ">
   <subfield code="a">Κωνσταντίνου, Τζένη.</subfield>
  </datafield>
  <datafield tag="852" ind1=" " ind2=" ">
   <subfield code="a">INST</subfield>
   <subfield code="b">UNIPILB</subfield>
   <subfield code="c">MAIN</subfield>
   <subfield code="e">20120724</subfield>
   <subfield code="h">940 MAR ΜΤΦ</subfield>
   <subfield code="p">00165540</subfield>
   <subfield code="q">00165540</subfield>
   <subfield code="t">LOAN</subfield>
   <subfield code="y">0</subfield>
   <subfield code="4">1</subfield>
  </datafield>
 </record>
</collection>
